Insulating Materials : Principles, Materials, Applications /

Detail Practice: Insulating Materials offers a comprehensive catalogue of insulating materials for use in construction. Notes on the individual types of insulating materials provide information on the raw materials they contain as well as their typical attributes, areas of application, and delivery...

Ausführliche Beschreibung

Gespeichert in:
Bibliographische Detailangaben
Weitere Verfasser: Gellert, Roland, Rudolphi, Alexander, Spitzner, Martin
Format: E-Book
Sprache:Englisch
Veröffentlicht: Basel : Birkhäuser, 2012
©2008
Schlagworte:
Tags: Tag hinzufügen
Keine Tags, Fügen Sie das erste Tag hinzu!

MARC

LEADER 00000nam a22000005i 4500
001 0022748
003 SK-STU
005 20240514095928.9
006 m|||||o||d||||||||
007 cr || ||||||||
008 160428s2012||||gw |||||ob||||||| 0|eng|d
020 |a 9783034614757 
024 7 |a 10.11129/detail.9783034614757  |2 doi 
040 |a DE-B1597  |b eng  |c DE-B1597 
041 0 |a eng 
245 0 0 |a Insulating Materials :  |b Principles, Materials, Applications /  |c Margit Pfundstein, Roland Gellert, Martin Spitzner, Alexander Rudolphi 
260 |a Basel :  |b Birkhäuser,  |c 2012 
260 |c ©2008 
300 |a 1 online resource 
520 |a Detail Practice: Insulating Materials offers a comprehensive catalogue of insulating materials for use in construction. Notes on the individual types of insulating materials provide information on the raw materials they contain as well as their typical attributes, areas of application, and delivery forms. 
541 |a Projekt č. 16-613-03703 - Fond na podporu umenia 
650 0 0 |a insulation principles 
650 0 0 |a thermal insulation 
650 0 0 |a sustainable architecture 
650 0 0 |a izolačné materiály 
650 0 0 |a normy 
650 0 0 |a Izolácia tepelná 
650 0 0 |a izolácia stavieb 
650 0 0 |a stavebné materiály 
650 0 0 |a udržateľná architektúra 
650 0 0 |a architektonické navrhovanie 
700 1 |a Gellert, Roland 
700 1 |a Rudolphi, Alexander 
700 1 |a Spitzner, Martin 
996 |c A* 10211/E  |l AAKNST  |s P  |a 0  |w 0022748_0001